<?xml version="1.0" encoding="UTF-8"?><?xml-stylesheet type="text/xsl" href="static/style.xsl"?><OAI-PMH xmlns="http://www.openarchives.org/OAI/2.0/" xmlns:xsi="http://www.w3.org/2001/XMLSchema-instance" xsi:schemaLocation="http://www.openarchives.org/OAI/2.0/ http://www.openarchives.org/OAI/2.0/OAI-PMH.xsd"><responseDate>2026-06-01T15:41:01Z</responseDate><request verb="GetRecord" identifier="oai:riuma.uma.es:10630/19184" metadataPrefix="marc">https://riuma.uma.es/rest/oai/request</request><GetRecord><record><header><identifier>oai:riuma.uma.es:10630/19184</identifier><datestamp>2026-02-03T10:23:31Z</datestamp><setSpec>com_10630_1685</setSpec><setSpec>col_10630_38055</setSpec></header><metadata><record xmlns="http://www.loc.gov/MARC21/slim" xmlns:dcterms="http://purl.org/dc/terms/" xmlns:doc="http://www.lyncode.com/xoai" xmlns:xsi="http://www.w3.org/2001/XMLSchema-instance" xsi:schemaLocation="http://www.loc.gov/MARC21/slim http://www.loc.gov/standards/marcxml/schema/MARC21slim.xsd">
   <leader>00925njm 22002777a 4500</leader>
   <datafield ind2=" " ind1=" " tag="042">
      <subfield code="a">dc</subfield>
   </datafield>
   <datafield ind2=" " ind1=" " tag="720">
      <subfield code="a">Gabor, Stefan</subfield>
      <subfield code="e">author</subfield>
   </datafield>
   <datafield ind2=" " ind1=" " tag="260">
      <subfield code="c">2020-01-17</subfield>
   </datafield>
   <datafield ind2=" " ind1=" " tag="520">
      <subfield code="a">El Internet de las Cosas (IoT) hace referencia al conjunto de objetos conectados a través de internet que tienen la capacidad de sentir y actuar sobre el entorno, logrando una representación digital del mundo físico. Estos dispositivos (IoT) presentan una gran volatilidad debido a su naturaleza y están sometidos a una gran cantidad de interrupciones de servicio (p.ej. agotamiento de batería). En el contexto de aplicaciones críticas, no se requiere únicamente una alta fiabilidad en el nivel del Software sino también en la parte Hardware. Durante los últimos años el IoT ha sido integrado en Internet gracias a arquitecturas multicapa, como la arquitectura cloud-fog-edge, que permite acercar la lógica de las aplicaciones lo más cerca posible de los dispositivos, reduciendo la latencia y el ancho de banda en las comunicaciones con el IoT.&#xd;
Este Trabajo se centra en la aplicación de técnicas de tolerancia a fallos para sistemas IoT en una arquitectura cloud-fog-edge, en concreto, se persigue la definición de lo que denominamos “dispositivos Shadow”: dispositivos virtuales dentro de una aplicación IoT que se caracterizan por tener una serie de propiedades (estados) resultantes de monitorizar propiedades del mundo real. Por otra parte, también pueden recibir comandos para actuar sobre el entorno. Estos dispositivos estarán asociados a un dispositivo real, de manera que, si dejase de funcionar, podrá ser sustituido por otro con características similares, permitiendo a la aplicación IoT que siga funcionando. Estos dispositivos Shadow estarán también replicados usando contenedores, de manera que, si ocurre algún fallo en la máquina donde esté almacenado el dispositivo virtual, pueda ser sustituido por otra réplica restaurándose su estado</subfield>
   </datafield>
   <datafield ind1="8" ind2=" " tag="024">
      <subfield code="a">https://hdl.handle.net/10630/19184</subfield>
   </datafield>
   <datafield tag="653" ind2=" " ind1=" ">
      <subfield code="a">Internet de las cosas</subfield>
   </datafield>
   <datafield tag="653" ind2=" " ind1=" ">
      <subfield code="a">Fallos de sistemas (Ingeniería) - Localización</subfield>
   </datafield>
   <datafield tag="653" ind2=" " ind1=" ">
      <subfield code="a">Grado en Ingeniería del Software - Trabajos Fin de Grado</subfield>
   </datafield>
   <datafield tag="653" ind2=" " ind1=" ">
      <subfield code="a">Informática - Trabajos Fin de Grado</subfield>
   </datafield>
   <datafield ind2="0" ind1="0" tag="245">
      <subfield code="a">Sistema para definir aplicaciones de internet de las cosas tolerantes a fallos a nivel software y hardware</subfield>
   </datafield>
</record>
</metadata></record></GetRecord></OAI-PMH>